Statystyki dla Państwa z 3 wyrazami w nazwie

Kliknij tutaj aby rozwiązać quiz!

Ogólne statystyki

  • Ten quiz został rozwiązany 64 razy
    (43 od ostatniego zresetowania)
  • Średni wynik to 6 z 8

Statystyki odpowiedzi

KontynentKraj% Poprawnych
AfrykaRepublika Południowej Afryki
86%
AfrykaDemokratyczna Republika Konga
78%
OceaniaPapua Nowa Gwinea
76%
AfrykaRepublika Zielonego Przyladka
76%
AzjaZjednoczone Emiraty Arabskie
73%
AfrykaWybrzeże Kości Słoniowej
70%
Ameryka PółnocaTrynidad i Tobago
68%
Ameryka PólnocnaAntigua I Barbuda
62%

Rozkład punktacji

Percentyl według liczby udzielonych odpowiedzi

Procent ludzi z każdym wynikiem

Twoja historia wyników

Nie rozwiązałeś tego quizu od ostatniego zresetowania